00831nam a22002537a 450000100060000000300090000600500170001500700060003200800370003802000180007504000230009308200210011624501470013726000330028430000290031765000220034665000210036865000270038965000210041670000430043770000290048070000320050970000360054112457DO-SdBNP20171110093123.012457160919b 2uu ck |||| |||| 00| 0 spa d a9789586774468 aBPMSUbspa cBPMSU 4a613.04244bM953a00aMujer actual : bsalud y belleza /ceditor Francisco De Elorza Ajamil ; colaboradores Rosa Ordóñez, Michael Hernández, Óscar Palacio  aColombia : bZamora c[200?] a298 p. :bil. ;c29 cm.  4aSALUD DE LA MUJER 4aBELLEZA PERSONAL 4aEJERCICIO PARA MUJERES 4aBELLEZA PERSONAL12a De Elorza Ajamil, Francisco eeditor 12aOrdóñez, Rosa ecol.12a Hernández, Michaelecol. aPalacio, Óscar ecolaborador